No common sense over access (Record no. 71470)
[ view plain ]
| 000 -LEADER | |
|---|---|
| fixed length control field | 01445cam a2200229 4500 |
| 001 - CONTROL NUMBER | |
| control field | ABS66000 |
| 008 - FIXED-LENGTH DATA ELEMENTS--GENERAL INFORMATION | |
| fixed length control field | 021029n2002 000 0 eng u |
| 035 ## - SYSTEM CONTROL NUMBER | |
| System control number | (Sirsi) u120294 |
| 100 ## - MAIN ENTRY--PERSONAL NAME | |
| Personal name | Hayes, P |
| 245 ## - TITLE STATEMENT | |
| Title | No common sense over access |
| 260 ## - PUBLICATION, DISTRIBUTION, ETC. | |
| Date of publication, distribution, etc. | 2002 |
| 490 ## - SERIES STATEMENT | |
| Series statement | Estates Gazette |
| Volume/sequential designation | (0242) 19 October 2002, 154-155(2) |
| 520 ## - SUMMARY, ETC. | |
| Summary, etc. | Argues that the accompanying regulations to the Countryside and Rights of Way Act 2000 s68 which provide for easements giving vehicular access over common land are illogical. In particular, the Vehicular Access Across Common and Other Land (England) Regulations 2002 are confusing regarding the deadline for making an application for easement. Among other things, the regulations suggest that if vehicular use of the common land continues, an application must be served on the owner by 4 July 2003. Also discusses the date from which the rights apply, compensation payable to the owner of the common, the procedure for making an application for an easement, and the nature of the easement and deduction of title. Concludes that property owners who seek vehicular access should apply now. |
| 590 ## - LOCAL NOTE (RLIN) | |
| Local note | ABS |
| 650 ## - SUBJECT ADDED ENTRY--TOPICAL TERM | |
| Topical term or geographic name entry element | COUNTRYSIDE AND RIGHTS OF WAY ACT 2000 S68 |
| 650 ## - SUBJECT ADDED ENTRY--TOPICAL TERM | |
| Topical term or geographic name entry element | PROPERTY OWNERS |
| 650 ## - SUBJECT ADDED ENTRY--TOPICAL TERM | |
| Topical term or geographic name entry element | VEHICULAR ACCESS ACROSS COMMON AND OTHER LAND (ENGLAND) REGULATIONS 2002 |
| 650 ## - SUBJECT ADDED ENTRY--TOPICAL TERM | |
| Topical term or geographic name entry element | VEHICULAR ACCESS |
| 650 ## - SUBJECT ADDED ENTRY--TOPICAL TERM | |
| Topical term or geographic name entry element | EASEMENTS |
| 690 ## - LOCAL SUBJECT ADDED ENTRY--TOPICAL TERM (OCLC, RLIN) | |
| Topical term or geographic name as entry element | Boundary disputes |
| 9 (RLIN) | 6221 |
| 942 ## - ADDED ENTRY ELEMENTS (KOHA) | |
| Suppress in OPAC | 0 |
| Withdrawn status | Lost status | Source of classification or shelving scheme | Damaged status | Not for loan | Home library | Current library | Shelving location | Date acquired | Total Checkouts | Full call number | Barcode | Date last seen | Copy number | Price effective from | Koha item type |
|---|---|---|---|---|---|---|---|---|---|---|---|---|---|---|---|
| Dewey Decimal Classification | London | London | Journal article | 29/10/2002 | ABS66000 | 120294-1001 | 06/08/2019 | 1 | 06/08/2019 | Journal article |